[Event "Amber-rapid 04th"]
[Site "Monte Carlo"]
[Date "1995.??.??"]
[Round "7"]
[White "Anand, Viswanathan"]
[Black "Karpov, Anatoly"]
[Result "1/2-1/2"]
[WhiteElo "2715"]
[BlackElo "2780"]
[PlyCount "47"]
[EventDate "1995.03.??"]
[EventType "tourn (rapid)"]
[EventRounds "11"]
[EventCountry "MNC"]
[EventCategory "18"]
[SourceTitle "CBM 046 Extra"]
[Source "ChessBase"]
[SourceDate "1995.07.01"]
[SourceVersion "1"]
[SourceVersionDate "1995.07.01"]
[SourceQuality "1"]

1. e4 c6 2. d4 d5 3. Nc3 dxe4 4. Nxe4 Nd7 5. Nf3 Ngf6 6. Ng3 e6 7. Bd3 c5 8.
O-O Be7 9. Qe2 O-O 10. Rd1 Qc7 11. c4 cxd4 12. Nxd4 a6 13. b3 Re8 14. Bb2 b6
15. Nf3 Bb7 16. Ne4 Rad8 17. Nxf6+ Bxf6 18. Bxf6 Nxf6 19. Qe5 Qxe5 20. Nxe5 Kf8
21. f3 Ke7 22. Kf2 Nd7 23. Nxd7 Rxd7 24. Be2 1/2-1/2

[Event "PCA/Intel-GP"]
[Site "Moscow"]
[Date "1995.04.30"]
[Round "2.3"]
[White "Morozevich, Alexander"]
[Black "Anand, Viswanathan"]
[Result "1-0"]
[WhiteElo "2605"]
[BlackElo "2715"]
[Annotator "Vaisser,A"]
[PlyCount "55"]
[EventDate "1995.04.??"]
[EventType "k.o. (rapid)"]
[EventRounds "4"]
[EventCountry "RUS"]
[SourceTitle "CBM 046 Extra"]
[Source "ChessBase"]
[SourceDate "1995.07.01"]
[SourceVersion "1"]
[SourceVersionDate "1995.07.01"]
[SourceQuality "1"]

1. e4 e5 2. f4 exf4 3. Bc4 Nf6 (3... Qh4+) 4. Nc3 c6 5. Bb3 d5 6. exd5 cxd5 7.
d4 Bb4 8. Nf3 O-O 9. O-O Bxc3 10. bxc3 Qc7 11. Qe1 Nc6 12. Qh4 Ne7 13. Bxf4
Qxc3 14. Bd2 Qc7 15. Ne5 Nf5 16. Qf4 Be6 17. Bb4 Rfc8 18. g4 Nd6 19. Rae1 Nfe4
$2 {[#]} (19... a5 $1) 20. c4 dxc4 (20... Nxc4 21. Bxc4 Qb6 $1 22. Rxe4 $1 Qxb4
23. Nxf7 Rxc4 24. Rxe6 Rxd4 25. Qf5 Rxg4+ 26. Kh1 $16) 21. Bc2 Nf6 22. g5 Nh5
$2 (22... Nd5 23. Qh4 (23. Bxh7+ Kxh7 24. g6+ Kg8 25. Qh4 (25. Bxd6 $2 Nxf4 26.
gxf7+ Bxf7 27. Bxc7 Nd3 $17) 25... fxg6 (25... Nxb4 $2 26. Nxf7 $1 Nxf7 27.
Qh7+ Kf8 28. Rxe6 $18) 26. Bxd6 $1 (26. Nxg6 $2 Nf7 (26... Nf5 $2 27. Qh8+ Kf7
28. Qh5 Nf6 29. Rxf5 Bxf5 30. Qxf5 Re8 31. Ne7 $16) 27. Rxe6 Re8 $17) 26...
Qxd6 27. Nxg6 Nf6 28. Rxf6 $1 gxf6 29. d5 $1 Qc5+ 30. Kf1 Kg7 31. Rxe6 $40)
23... g6 (23... Nxb4 $2 24. Qxh7+ Kf8 25. Ng6+ Ke8 $19 26. Rxe6+ fxe6 27. Rf8+
Kd7 28. Ne5+ $18) 24. Nxg6 (24. Bxd6 $6 Qxd6 25. Nxf7 Bxf7 26. Rxf7 h5 $1 $13 (
26... Kxf7 $4 27. Qxh7+ Kf8 28. Bxg6 $18)) 24... fxg6 25. Rxe6 Nxb4 26. Bxg6
Qg7 (26... Rf8 27. Rxf8+ Rxf8 28. Rxd6 c3 29. Qh6 $1) 27. Rxd6 hxg6 28. Qe1 $1
$40) 23. Qf3 g6 24. Nxg6 hxg6 25. Bxg6 fxg6 (25... Ng7 26. Bxd6 Qxd6 27. Bxf7+
Bxf7 28. Qxf7+ Kh8 29. Re4) 26. Rxe6 Qf7 (26... Qg7 27. Bxd6 $1) 27. Qd5 Nf5
28. Rxf5 $1 1-0

[Event "PCA/Intel-GP"]
[Site "Moscow"]
[Date "1995.04.30"]
[Round "3.2"]
[White "Kasparov, Garry"]
[Black "Anand, Viswanathan"]
[Result "1/2-1/2"]
[WhiteElo "2805"]
[BlackElo "2715"]
[Annotator "Vaisser,A"]
[PlyCount "47"]
[EventDate "1995.04.??"]
[EventType "k.o. (rapid)"]
[EventRounds "4"]
[EventCountry "RUS"]
[SourceTitle "CBM 046 Extra"]
[Source "ChessBase"]
[SourceDate "1995.07.01"]
[SourceVersion "1"]
[SourceVersionDate "1995.07.01"]
[SourceQuality "1"]

1. Nf3 g6 2. e4 Bg7 3. d4 d6 4. c4 Bg4 5. Be2 Bxf3 6. Bxf3 Nc6 7. d5 Nd4 8. Nc3
c5 9. Be3 Qb6 10. Rb1 Nxf3+ (10... Qb4 11. Qd3 Nf6 12. Bd2 $1) 11. gxf3 Bxc3+
12. bxc3 Qa6 13. Qe2 Nf6 14. e5 dxe5 15. Bxc5 Nd7 16. Be3 b6 17. c5 Qa5 18. O-O
Nxc5 19. Rb5 Qa4 20. Bxc5 bxc5 21. Qxe5 O-O 22. Rb7 (22. Rxc5 $1 $14) 22...
Qxa2 23. Rxe7 Rad8 24. d6 (24. d6 Qd2 $10) (24. Rd1 Qc2 25. Qe1 Rd6) 1/2-1/2

[Event "Riga Tal Memorial"]
[Site "Riga"]
[Date "1995.??.??"]
[Round "3"]
[White "Anand, Viswanathan"]
[Black "Gulko, Boris F"]
[Result "1-0"]
[WhiteElo "2715"]
[BlackElo "2595"]
[Annotator "Blatny,P"]
[PlyCount "63"]
[EventDate "1995.04.??"]
[EventType "tourn"]
[EventRounds "11"]
[EventCountry "LAT"]
[EventCategory "17"]
[SourceTitle "CBM 047"]
[Source "ChessBase"]
[SourceDate "1995.08.01"]
[SourceVersion "1"]
[SourceVersionDate "1995.08.01"]
[SourceQuality "1"]

1. e4 {Hecht Ftacnik} c6 2. d4 d5 3. e5 Bf5 (3... c5 {-> Kindermann-Kortschnoj}
) 4. Nf3 (4. c3 {-> Sepp-Kaunas}) (4. h4 {-> Gubanov-Orlov}) 4... e6 5. Be2 c5
6. Be3 Nd7 (6... Qb6 {-> Iordachescu-Guliev}) 7. c4 cxd4 (7... dxc4 {Ftacnik}
8. O-O a6 9. Bxc4 Ne7 10. Nc3 b5 11. Bd3 c4 12. Bc2 Rc8 13. Re1 b4 14. Ne4 Nd5
15. Bg5 Qa5 16. Nh4 Bxe4 17. Bxe4 g6 18. Qg4 Bg7 19. f4 Qb6 20. Kh1 Qc6 21. f5
N7b6 22. Bf6 Bxf6 23. exf6 Kd8 24. fxg6 {Kamsky,G-Karpov,An/Dos Hermanas (08)/
1995/1-0 (38)}) 8. Nxd4 Bxb1 9. Rxb1 Bb4+ 10. Bd2 (10. Kf1 Ne7 11. Qa4 (11. f4
O-O 12. Qb3 a5 13. Rd1 Rc8 14. Nb5 Nc5 15. Bxc5 Bxc5 16. Bf3 Nf5 17. Ke2 Ne3
18. cxd5 Nxd1 19. Kxd1 exd5 20. Nc3 Be3 21. g3 d4 22. Nd5 a4 23. Qxa4 Rc5 24.
Qb3 {Gofshtein,L-Finkel,A/Groningen op (04)/1993/0-1 (29)}) 11... Qa5 12. Qxa5
Bxa5 13. b4 Bc7 14. f4 {Ftacnik} dxc4 15. Bxc4 O-O 16. Bb3 Bb6 17. Ke2 Rfd8 18.
Rhd1 Bxd4 19. Rxd4 Nb6 20. Rxd8+ Rxd8 21. Bxb6 axb6 22. Rd1 Rxd1 23. Kxd1 Kf8
24. Kd2 $10 {Ehlvest,J-Gulko,B/Riga Tal mem (07)/1995/0.5 (34)}) 10... Bxd2+
11. Qxd2 Ne7 $6 (11... Nxe5 $5 12. Qb4 (12. O-O Nxc4 13. Bxc4 dxc4 {/\Ne7,0-0})
(12. cxd5 Qxd5 (12... Qxd5 13. O-O Rd8 14. Rfd1 Nc6)) 12... Nc6 (12... dxc4 {
Ftacnik} 13. Qb5+ Nd7 14. Rd1 $44) 13. Nxc6 (13. Qb5 Qd7) (13. Qa4 Nge7) 13...
bxc6 14. cxd5 exd5 {/\Ne7,0-0}) 12. cxd5 (12. O-O Nxe5 13. cxd5 Qxd5 $17) 12...
Nxd5 13. f4 {קe5} O-O 14. O-O Qb6 (14... Rc8 {Ftacnik} 15. Bf3 $14) 15. Bf3
Nb4 16. a3 Nc6 17. Rbd1 (17. Bxc6 {Ftacnik} bxc6 18. Qf2) 17... Rfd8 (17...
Nxd4 $2 {Ftacnik} 18. Qxd4 Qxd4+ 19. Rxd4 $16) 18. Bxc6 (18. Kh1 $2 Ndb8 $1 $19
{גa7-g1}) (18. Qf2 Ndxe5 $1 19. fxe5 Nxd4 $17) 18... bxc6 19. Qf2 Rab8 20. Nf3
Nc5 (20... Qxb2 21. Qxa7 (21. Rd2 $5 Qxa3 (21... Qb6 22. Rfd1 Qxf2+ 23. Kxf2
Rb7 24. Ng5 Rc7 25. f5 $1 $40) 22. Rfd1 Rb7 23. Qh4 Qc5+ (23... Qe3+ 24. Kh1
Qb6 25. Qe7 $40) (23... Qa5 24. Qe7 Qb6+ 25. Kh1 $40) 24. Kh1 Qf8 $13) 21...
Qb6+ (21... Rb7 22. Qa5 $14) 22. Qxb6 Nxb6 23. Rxd8+ (23. Nd4 $14 {Ftacnik})
23... Rxd8 24. Rc1 {+/=,_|_}) 21. Rxd8+ Rxd8 22. Rc1 Ne4 23. Qxb6 axb6 24. Kf1
c5 25. Ke2 $16 {_|_} f5 (25... Kf8 26. Rc4 f5 27. Ra4 Ke7 28. Ra6 Rb8 29. Ra7+
{+/-/+-} (29. Ra7+ {Ftacnik} Kf8 30. a4 h6 31. Ke3 $16)) 26. Rd1 Rxd1 (26...
Rd5 $142 27. Rd3 {Ftacnik} b5 $14) 27. Kxd1 Kf7 28. Nd2 {/\Ne4 _|_P} Nxd2 (
28... Nf2+ 29. Ke2 Ng4 30. h3 Nh6 31. Nc4 b5 32. Nd6+ Ke7 33. Nxb5 $18) (28...
Kg6 {Hecht} 29. Nxe4 fxe4 30. g4 h5 31. h3 hxg4 32. hxg4 Kh6 33. Ke2 g5 34. Ke3
gxf4+ 35. Kxf4 e3 36. Kxe3 Kg5 37. Kf3 Kg6 38. a4 Kh6 39. Kf4 Kg6 40. g5 Kh5
41. b3 Kg6 42. Kg4 $18) 29. Kxd2 {Hecht: 6P<->6P. Weisse Gewinnmotive: mehr
Raum, entfernter Freibauer, Zugzwang.} g5 (29... Ke7 30. Kd3 (30. a4 {Hecht}
Kd7 31. Kc3 Kc7 32. Kc4 Kc6 33. h3 h6 34. h4 g6 35. g3 h5 36. b3 Kc7 37. Kb5
Kb7 38. a5 bxa5 39. Kxc5 $18) 30... Kd7 (30... b5 31. a4 $1 {><b5,c5} bxa4 {
Ftacnik} 32. Kc4 Kd7 33. Kxc5 $18) 31. Kc4 Kc6 32. a4 h6 33. h4 h5 34. g3 g6
35. b3 Kc7 36. Kb5 Kb7 37. a5 bxa5 38. Kxc5 Ka6 (38... Kc7 39. Kb5 $18) 39. Kd6
$18) (29... b5 {Hecht} 30. b3 Ke7 31. a4 bxa4 32. bxa4 Kd7 33. Kc3 Kc6 34. Kc4
$18 {entfernter Freibauer}) 30. Kc3 (30. fxg5 Kg6 31. h4 Kh5 32. g3 Kg4 $132
33. Ke3 {Ftacnik} Kxg3 34. h5 f4+ 35. Ke2 Kg2 36. g6 f3+ 37. Kd2 f2 38. g7 f1=Q
39. g8=Q+ $10) 30... b5 31. b3 gxf4 32. a4 (32. a4 {Ftacnik} bxa4 33. bxa4 Ke7
34. Kc4 $18) 1-0

[Event "PCA/Intel-GP"]
[Site "London"]
[Date "1995.??.??"]
[Round "1"]
[White "Anand, Viswanathan"]
[Black "Lautier, Joel"]
[Result "1-0"]
[WhiteElo "2725"]
[BlackElo "2645"]
[Annotator "Vaisser,A"]
[PlyCount "81"]
[EventDate "1995.08.??"]
[EventType "k.o. (rapid)"]
[EventRounds "4"]
[EventCountry "ENG"]
[SourceTitle "CBM 049 Extra"]
[Source "ChessBase"]
[SourceDate "1996.01.01"]
[SourceVersion "1"]
[SourceVersionDate "1996.01.01"]
[SourceQuality "1"]

1. e4 c5 2. Nf3 e6 3. d4 cxd4 4. Nxd4 Nc6 5. Nc3 Qc7 6. g3 a6 7. Bg2 Nf6 8. O-O
Bc5 9. Nxc6 dxc6 10. Bg5 Nd7 11. e5 $1 Qxe5 (11... h6 12. Bf4 g5) 12. Bf4 Qf5
$6 (12... Qd4) 13. Ne4 O-O $6 14. Nxc5 $2 (14. Bd6 $1 Bxd6 (14... Re8 15. Bxc5
Nxc5 16. Nd6 $18) 15. Nxd6 Qe5 16. Re1 Qf6 (16... Qc5 17. Nxc8 Rd8 18. Nd6 Nf6
19. Nxb7 $18) 17. Nxc8 Rd8 18. Nd6 Nc5 19. b4 Na4 20. c4 $18) 14... Nxc5 15.
Re1 f6 16. Qd6 Re8 (16... e5 $2 17. Bxe5 fxe5 18. Qxc5 Re8 19. Re2 $18) 17. h3
$1 Nd7 18. g4 Qc5 19. Rxe6 Qxd6 20. Rxe8+ Qf8 21. Rae1 $1 Kf7 22. Rxf8+ Nxf8
23. Bd6 Be6 24. f4 $1 $16 Rd8 (24... Re8 $5) 25. Bb4 Re8 26. f5 Bxa2 $6 (26...
Bc8 $16) 27. Rxe8 Kxe8 28. b3 Nd7 29. Kf2 c5 30. Be1 Bb1 31. Be4 c4 32. b4 a5 (
32... b6 $142) 33. bxa5 Nc5 34. Bxb7 $1 Kd7 35. Bb4 Kc7 36. Bd5 Na6 37. c3 Nxb4
38. cxb4 c3 39. Ke3 Kd6 40. Bf3 (40. a6) 40... h5 41. a6 1-0

[Event "PCA/Intel-GP"]
[Site "London"]
[Date "1995.??.??"]
[Round "2"]
[White "Sokolov, Ivan"]
[Black "Anand, Viswanathan"]
[Result "0-1"]
[WhiteElo "2630"]
[BlackElo "2725"]
[Annotator "Vaisser,A"]
[PlyCount "56"]
[EventDate "1995.08.??"]
[EventType "k.o. (rapid)"]
[EventRounds "4"]
[EventCountry "ENG"]
[SourceTitle "CBM 049 Extra"]
[Source "ChessBase"]
[SourceDate "1996.01.01"]
[SourceVersion "1"]
[SourceVersionDate "1996.01.01"]
[SourceQuality "1"]

1. d4 Nf6 2. c4 e6 3. Nc3 Bb4 4. e3 c5 5. Bd3 Nc6 6. Nge2 cxd4 7. exd4 d5 8.
cxd5 Nxd5 9. Bc2 Bd6 10. a3 Nxc3 11. bxc3 $6 (11. Nxc3) 11... e5 $5 $146 12.
Qd3 g6 13. Qf3 O-O 14. Bh6 (14. h4) 14... Re8 15. Bb3 Qe7 16. Bg5 (16. O-O exd4
17. cxd4 (17. Nxd4 Ne5) 17... Bf5) 16... Qc7 17. h4 $2 (17. O-O exd4 18. cxd4
Bxh2+ 19. Kh1 Bd6) (17. Bf6) 17... exd4 $19 18. Bh6 Bf5 19. O-O Ne5 20. Qg3 Nd3
21. Qf3 Ne5 22. Qg3 d3 23. Nf4 Ng4 24. Bg5 h6 25. Qf3 hxg5 26. Nd5 Bh2+ 27. Kh1
Qd6 28. Rae1 (28. hxg5 Kg7) 28... gxh4 0-1

[Event "PCA/Intel-GP"]
[Site "London"]
[Date "1995.??.??"]
[Round "3"]
[White "Dreev, Alexey"]
[Black "Anand, Viswanathan"]
[Result "1-0"]
[WhiteElo "2670"]
[BlackElo "2725"]
[Annotator "Vaisser,A"]
[PlyCount "153"]
[EventDate "1995.08.??"]
[EventType "k.o. (rapid)"]
[EventRounds "4"]
[EventCountry "ENG"]
[SourceTitle "CBM 049 Extra"]
[Source "ChessBase"]
[SourceDate "1996.01.01"]
[SourceVersion "1"]
[SourceVersionDate "1996.01.01"]
[SourceQuality "1"]

1. d4 Nf6 2. Nf3 e6 3. c4 b6 4. a3 Ba6 5. Qc2 Bb7 6. Nc3 c5 7. e4 cxd4 8. Nxd4
Nc6 9. Nxc6 Bxc6 10. Bf4 Bc5 11. Be2 O-O 12. Rd1 a5 13. O-O $6 (13. Bg5 $5 h6
14. Bh4 {Dreev A. - Adams M., London PCA, 1995} Qc7 $5 15. Bxf6 gxf6 16. Rd3
Kh7 $13) 13... Qc8 $5 14. Rd2 $6 (14. e5 $5 Ne8 15. Ne4) 14... Ne8 15. Rb1 a4
16. Rbd1 Qb7 17. Qd3 f5 $1 $36 18. exf5 Rxf5 19. Qg3 Nf6 20. Be3 Rf8 21. Bd4 h6
22. h4 Qa8 23. Bxc5 bxc5 24. Bd3 Nh5 25. Qg4 Nf6 26. Qg3 Nh5 27. Qg4 Re5 28.
Re2 Qb8 29. Qg6 Nf6 (29... Nf4 30. Qh7+ Kf7 31. Rxe5 Qxe5 32. Be4) 30. Rdd2
Rxe2 31. Rxe2 Qf4 32. Qg3 Qxg3 (32... Qc1+ $6 33. Kh2 Nh5 34. Qg6 Nf4 35. Qh7+
Kf7 36. Rc2 Qe1 37. Be4) 33. fxg3 $15 Rb8 $2 (33... Kf7 34. Bc2 $140 Ra8 35.
Re5 $2 d6) 34. Bc2 Ra8 35. Re5 Ra5 36. Nb5 $1 Kf7 (36... Bxb5 $2 37. Rxc5) 37.
Rxc5 Ke7 38. Kf2 $2 (38. Re5 Ne8 39. Re2) 38... Ne8 39. Re5 Nc7 40. Bd3 d6 $2 (
40... Nxb5 41. cxb5 d6 $17) 41. Nd4 $1 Ra6 42. Ra5 $1 $18 Rb6 43. Nxc6+ Rxc6
44. Rxa4 d5 45. Ke3 Kd6 46. cxd5 Nxd5+ 47. Kd2 Nf6 48. Ra6 $2 Ne4+ 49. Ke3 Rxa6
50. Bxa6 Nxg3 51. Bd3 Nh5 52. b4 Nf6 53. Bc4 Ng4+ 54. Ke4 Nf6+ 55. Kd3 Nh5 56.
Ke3 Ng3 57. Bd3 Nh5 58. a4 Nf6 59. Bc4 Ng4+ 60. Ke4 Ne5 61. Be2 (61. Bb5) 61...
Nc6 62. b5 Na5 63. g4 Nb3 64. Bd1 Nc5+ (64... Na5) 65. Kd4 e5+ 66. Kc4 Nb7 67.
Kb4 e4 68. a5 Nd8 69. a6 Kc7 70. Kc5 (70. Ka5) 70... Ne6+ 71. Kd5 Nf8 72. Kxe4
Kb6 73. Be2 Ng6 74. h5 Nh4 75. Ke5 g6 76. Kd6 gxh5 77. a7 $1 1-0

[Event "Hoogovens"]
[Site "Wijk aan Zee"]
[Date "1996.01.16"]
[Round "3"]
[White "Anand, Viswanathan"]
[Black "Adams, Michael"]
[Result "1-0"]
[WhiteElo "2725"]
[BlackElo "2660"]
[Annotator "Dautov,R"]
[PlyCount "89"]
[EventDate "1996.01.13"]
[EventType "tourn"]
[EventRounds "13"]
[EventCountry "NED"]
[EventCategory "17"]
[SourceTitle "CBM 051"]
[Source "ChessBase"]
[SourceDate "1996.04.01"]
[SourceVersion "1"]
[SourceVersionDate "1996.04.01"]
[SourceQuality "1"]

1. d4 {Baburin} Nf6 2. Nf3 e6 3. c4 b6 4. g3 Bb7 5. Bg2 Be7 6. O-O O-O 7. Re1
d5 8. cxd5 exd5 9. Nc3 Na6 10. Bf4 c5 11. Rc1 Ne4 12. dxc5 Naxc5 13. Nd4 {N} (
13. Nb5 g5 14. Be5 (14. Be3 $1 $14) 14... Qd7 15. Nc3 Qf5 16. Bd4 Ne6 17. Be3
Bc5 18. Bxc5 bxc5 19. Nxe4 dxe4 20. Qc2 Nd4 21. Nxd4 cxd4 22. Qc7 e3 {1/2-1/2
Csom,I-Regan,K/Budapest Tungsram 1978}) (13. Be5 Re8 14. Nb5 Bf8 15. Nbd4 a5
$13 {Csom-Barczay/HUN-ch/1977}) 13... Bf6 14. Bh3 $1 (14. b4 Nxc3 15. Rxc3 Ne6
16. Nxe6 fxe6 17. Rc7 Rf7 $10) 14... Ng5 {Baburin: In positions with an
isolated d5-pawn,Bishops are not as useful as Knights, therefore Black should
not be seeking this kind of exchange, the Knight was well placed on e4. 14...
Re8 would be a normal continuation.} (14... Re8 $2 15. Ncb5 Ng5 (15... Re7 16.
b4 Ne6 17. Nxe6 fxe6 18. Nc7 $18) 16. Bg2 Bxd4 (16... Nge6 17. Nxe6 Nxe6 18.
Nd6 $16) 17. Nxd4 Nge6 18. Be3 $16) (14... Qe7 $2 15. Nf5 $16) 15. Bxg5 Bxg5
16. e3 $14 Bf6 (16... g6 17. Re2 Qe7 {/\Rfd8} 18. Nf3 $16) 17. Re2 {Preparing
to put more pressure on the d5-pawn.} (17. b4 Ne4 $14) 17... g6 (17... Re8 18.
Rd2 $14) 18. b4 {Baburin: A very interesting approach: after the forthcoming
Nc3-e4, Nxe4 dxe White is going to take advantage of the fact that his Rooks
have been developed to the central files.} Ne4 19. Nxe4 (19. Rec2 $5 Re8 (19...
Nd6 20. Bg2 $16) 20. Ncb5 Re7 21. Nc6 Bxc6 22. Rxc6 $16) 19... dxe4 20. Rd2 Qe7
21. b5 {Baburin: /\Nc6 The point! White is going to occupy the weak c6-square,
as Black cannot afford to take the Knight there (in a view of b5xc6), he has
to take it on d4.} Bxd4 22. Rxd4 {<->c,d} Bc8 (22... Rfd8 23. Bd7 $1 (23. Rd7
Rxd7 24. Qxd7 Qxd7 25. Bxd7 Kf8 26. Rc7 Bd5 $14) 23... Bc8 (23... Qe5 24. Bc6
Rxd4 25. exd4 Qe7 26. d5 $16) 24. Bc6 Bb7 25. Bxb7 Rxd4 26. Qxd4 Qxb7 27. Qe5
$16 {/\Rc7}) 23. Bd7 $1 {/\Bc6} Bxd7 24. Rxd7 Qa3 $1 25. Rc2 {/\Qd5} (25. Qd2
a6 26. bxa6 Rxa6 $14) 25... Qa4 (25... a6 26. bxa6 Rxa6 27. Qd5 $16) 26. Rd5
Rae8 (26... Rac8 27. Rxc8 Qxd1+ 28. Rxd1 Rxc8 29. Rd7 Ra8 30. a4 a6 31. Rb7
axb5 32. axb5 h5 33. Rxb6 Ra1+ 34. Kg2 Rb1 35. h3 Kg7 36. g4 hxg4 37. hxg4 g5
$16) (26... a6 $5 27. Qe2 (27. bxa6 Qxa6 (27... Rxa6 28. Rd4 Qe8 29. Qb1 $16 {
/\Rb2,Rc7}) 28. Qd4 Qa4 $14) 27... axb5 28. Rd4 Qa5 29. Rxe4 $14) 27. h4 h5 28.
Kg2 $1 Re6 (28... Rc8 $4 29. Rxc8 Qxd1 30. Rxf8+ $18) (28... a6 29. bxa6 Qxa6
30. Qd4 $16) 29. Qe2 Qa3 30. Rc7 Re7 31. Rc6 Rfe8 32. Qc4 Kh7 33. Rd2 Rb7 34.
Rdd6 $16 Qb2 (34... Rbe7 35. g4 $1 hxg4 36. h5 gxh5 (36... Rg8 37. Rf6 Rg7 38.
Rxf7 $1 $18) 37. Qd5 Qb2 38. Rh6+ Kg8 39. Rxh5 $18) 35. a4 Re5 {/\Rf5} 36. Rd5
(36. Qd4 Qxd4 37. exd4 Ree7 $14) 36... Rxd5 (36... Rbe7 37. Rc7 Kg7 (37... Rxc7
$2 38. Qxc7 Rxd5 39. Qxf7+ $18) 38. Rdd7 Rxd7 39. Rxd7 Rf5 40. Qd4+ Qxd4 41.
Rxd4 Re5 42. Rd7 $16) (36... Ree7 37. Rd4 Qb1 38. Rc8 $18 {/\Qc3,/^a1-h8}) 37.
Qxd5 Re7 38. Qd6 $1 (38. Qd8 $2 Qe5 $14) 38... Re6 39. Qd8 $1 {/\Rc7} Qe5 40.
Rc7 Kg7 (40... Rf6 {/\Qb2} 41. Rc8 Rf5 42. Qg8+ Kh6 43. Qh8+ Qxh8 44. Rxh8+ Kg7
45. Ra8 $16) 41. Rxa7 Rd6 42. Qe7 $18 Qd5 43. Ra8 Rd7 (43... Qxa8 44. Qxd6 Qxa4
45. Qxb6 $18) 44. Qf8+ Kf6 45. Re8 1-0